Hamid seorang guru

Bibliographic Details
Main Author: Sulaiman Zakaria
Format: Book
Published: Kuala Lumpur : Pustaka Printis , 1992
Series:Kerjaya Negara
Subjects:

MARC

LEADER 00000cam a2200000 7i4500
001 0000009771
002 000010639
005 20000330.0
020 |a 9838320358 
090 0 0 |a JF   |b KER 
100 0 |a Sulaiman Zakaria 
245 0 0 |a Hamid seorang guru   |c Sulaiman Zakaria 
260 |a Kuala Lumpur :   |b Pustaka Printis ,   |c 1992 
300 |a 24p. :   |b ill ;   |c 17cm. 
490 0 |a Kerjaya Negara 
650 0 0 |a Children's stories, Malay 
999 |a 016943   |b BUKU   |c PINJAMAN   |e PERPUSTAKAAN KOMUNITI PETALING JAYA